000 00461ntaaa2200181 4500
003 01
005 20251027201554.0
008 0714s1973 ag 01
040 _aAR-BaBN
_bspa
_cAR-BaBN
_eaacr
_dRIC
082 _a230.0000 D58m
100 _aDillistone, Frederick W.
245 _aModern Answers to Basic Questions: about nature, man and God.
250 _a1 ed.
260 _as.l.,
_cn.f.
300 _a128 p. ;
_c16 cm.
650 _aTeologĂ­a
942 _cBK
999 _c10312
_d10312